| 000 -LEADER |
| fixed length control field |
00761cam a2200241 a 4500 |
| 003 - CONTROL NUMBER IDENTIFIER |
| control field |
OSt |
| 005 - DATE AND TIME OF LATEST TRANSACTION |
| control field |
20200810124627.0 |
| 008 - FIXED-LENGTH DATA ELEMENTS--GENERAL INFORMATION |
| fixed length control field |
991027s2000 gw a b 000 0 eng |
| 010 ## - LIBRARY OF CONGRESS CONTROL NUMBER |
| LC control number |
99056374 |
| 020 ## - INTERNATIONAL STANDARD BOOK NUMBER |
| International Standard Book Number |
354064976X |
| 040 ## - CATALOGING SOURCE |
| Original cataloging agency |
DLC |
| Transcribing agency |
DLC |
| Modifying agency |
DLC |
| 042 ## - AUTHENTICATION CODE |
| Authentication code |
pcc |
| 050 00 - LIBRARY OF CONGRESS CALL NUMBER |
| Classification number |
QA76.9.A73 |
| Item number |
A734 2000 |
| 082 00 - DEWEY DECIMAL CLASSIFICATION NUMBER |
| Classification number |
004.2/2 |
| Edition number |
21 |
| Item number |
BOR |
| 245 00 - TITLE STATEMENT |
| Title |
Architecture design and validation methods / |
| Statement of responsibility, etc |
Egon Börger (ed.). |
| 260 ## - PUBLICATION, DISTRIBUTION, ETC. (IMPRINT) |
| Place of publication, distribution, etc |
Berlin ; |
| -- |
New York : |
| Name of publisher, distributor, etc |
Springer, |
| Date of publication, distribution, etc |
c2000. |
| 300 ## - PHYSICAL DESCRIPTION |
| Extent |
viii, 357 p. : |
| Other physical details |
ill. ; |
| Dimensions |
24 cm. |
| 504 ## - BIBLIOGRAPHY, ETC. NOTE |
| Bibliography, etc |
Includes bibliographical references. |
| 650 #0 - SUBJECT ADDED ENTRY--TOPICAL TERM |
| Topical term or geographic name as entry element |
Computer architecture. |
| 650 #0 - SUBJECT ADDED ENTRY--TOPICAL TERM |
| Topical term or geographic name as entry element |
Integrated circuits |
| General subdivision |
Very large scale integration |
| -- |
Design and construction. |
| 700 1# - ADDED ENTRY--PERSONAL NAME |
| Personal name |
Börger, E. |
| Fuller form of name |
(Egon), |
| Dates associated with a name |
1946- |
| 942 ## - ADDED ENTRY ELEMENTS (KOHA) |
| Source of classification or shelving scheme |
|